01163nam a2200193Ia 4500001001100000003001000011008004100021040002500062041001300087100002000100245006600120250001100186260009100197300001200288500026000300501011400560520026000674650003500934L520-25931IT-CnALBA170116s9999||||xx |||||||||||||| ||und|| aIT-CnALBAcIT-CnALBA aITALIANO aGALILEI GALILEO 0aLE OPERE DI GALILEI. TOMO XIII. DIALOGHI DELLE NUOVE SCIENZE  a1a ed. a FIRENZEbFIORENTINA LIBRERIA EDITRICE c1855 [1° Ed.:1855 - Ed.Ling.Originale: 1855] a341 p.  aDEDICA A LEOPOLDO II DUCA DI TOSCANA. INDICE ANALITICO. AVVERTIMENTO. AI LETTORI. COERENZA DELLE PARTI DEI CORPI SOLIDI. RESISTENZA DEI SOLIDI. MOVIMENTI LOCALI. MOTO DEI PROIETTI. SCIENZA DELLE PROPORZIONI. FORZA DELL'URTO. TAVOLE DI FIGURE GEOMETRICHE.  aSocietà San Paolo EM - Piazza San Paolo, 14 - 12051 ALBA (CN) (non commercial uses only) ® Copyright 2017 aDEDICA A LEOPOLDO II DUCA DI TOSCANA. INDICE ANALITICO. AVVERTIMENTO. AI LETTORI. COERENZA DELLE PARTI DEI CORPI SOLIDI. RESISTENZA DEI SOLIDI. MOVIMENTI LOCALI. MOTO DEI PROIETTI. SCIENZA DELLE PROPORZIONI. FORZA DELL'URTO. TAVOLE DI FIGURE GEOMETRICHE.  aASTRONOMIA E SCIENZE COLLEGATE